000 01706nam a2200313Ia 4500
005 20220317001025.0
008 160825s2008 ck a g 000 0 spa
020 _a97895830025012
100 1 _aPalacios, Eustaquio
_d1830-1898
245 1 3 _aEl alférez real
_b novela (crónicas de Cali en el siglo pasado)
_cEustaquio Palacios ; ilustraciones Jairo Linares Landinez
250 _a1a. edición
_b7a. reimpresión
300 _axviii, 299 páginas
_bilustraciones en blanco y negro
_c21 cm
490 _aLetras latinoamericanas
500 _aIncluye datos biográficos
520 _afuente insustituible para conocer la historia de Cali y de quienes la forjaron. Para reconstruir el contexto social e histórico en el que se desenvuelve el idilio que sustenta la trama de la novela, Palacios esculcó con paciencia de historiador los archivos de la ciudad. El idilio entre doña Inés de Lara y Portocarrero y Daniel, el humilde escribano del Alférez Real, don Manuel de Caicedo, tiene lugar en las postrimerías de la Cali colonial (1775), con sus haciendas alrededor, sus calles, iglesias, casonas y plazas, sus gentes y sus costumbres como gran telón de fondo
521 _aRecomendado para adultos
650 1 4 _2LEMB
_aNovela colombiana
_ySiglo XIX
650 1 4 _2LEMB
_aLiteratura colombiana
_ySiglo XIX
650 1 4 _2LEMB
_aNovela histórica
650 1 4 _2LEMB
_aAmor en la literatura
700 1 _aLinarez Landínez, Jairo
_964527
942 _2loc
_cBKLIT
264 _aBogotá
_bPanamericana
_c2008
336 _atexto
_btxt
_2rdacontent
337 _asin mediación
_bn
_2rdamedia
338 _avolumen
_bnc
_2rdacarrier
040 _aCO-BoRNBP
_bspa
_erda
_cCO-BoRNBP
084 _aN PAL1
999 _c5701
_d5701